| 000 | 00641cam a22002293a 4500 | ||
|---|---|---|---|
| 001 | 17633 | ||
| 003 | PGUSA | ||
| 005 | 20140828083357.0 | ||
| 008 | 060129s2006||||xxu|||||s|||||000 | eng d | ||
| 040 |
_aPGUSA _beng |
||
| 042 | _adc | ||
| 050 | 4 | _aF106 | |
| 100 | 1 | _aDearborn, R. F. | |
| 245 | 1 | 0 |
_aSaratoga and How to See It _h[electronic resource] / _cR. F. Dearborn |
| 260 |
_bProject Gutenberg, _c2006 |
||
| 506 | _aPublic domain in the USA. | ||
| 516 | _aElectronic text | ||
| 653 | _aSaratoga Springs (N.Y.) -- Guidebooks | ||
| 830 | 0 |
_aProject Gutenberg _v17633 |
|
| 856 | 4 | 0 | _uhttp://www.gutenberg.org/ebooks/17633 |
| 942 | _cEB | ||
| 999 |
_c246888 _d246888 |
||